<?xml version="1.0" encoding="UTF-8"?>
<record
    xmlns:xsi="http://www.w3.org/2001/XMLSchema-instance"
    xsi:schemaLocation="http://www.loc.gov/MARC21/slim http://www.loc.gov/standards/marcxml/schema/MARC21slim.xsd"
    xmlns="http://www.loc.gov/MARC21/slim">

  <leader>00385nam a2200133Ia 4500</leader>
  <controlfield tag="005">20251222153606.0</controlfield>
  <controlfield tag="008">251222s9999||||xx |||||||||||||| ||spa||</controlfield>
  <datafield tag="082" ind1=" " ind2=" ">
    <subfield code="a">352.23/G18/T.2</subfield>
  </datafield>
  <datafield tag="100" ind1=" " ind2=" ">
    <subfield code="a">G&#xE1;lvez Montero, Jos&#xE9; Francisco</subfield>
  </datafield>
  <datafield tag="245" ind1=" " ind2="0">
    <subfield code="a">Historia de la presidencia del Consejo de Ministros: </subfield>
  </datafield>
  <datafield tag="250" ind1=" " ind2=" ">
    <subfield code="a">1a.ed.</subfield>
  </datafield>
  <datafield tag="264" ind1=" " ind2=" ">
    <subfield code="b">Presidencia del Consejo de Ministros, </subfield>
  </datafield>
  <datafield tag="942" ind1=" " ind2=" ">
    <subfield code="c">LIB</subfield>
  </datafield>
  <datafield tag="999" ind1=" " ind2=" ">
    <subfield code="c">31417</subfield>
    <subfield code="d">31417</subfield>
  </datafield>
  <datafield tag="952" ind1=" " ind2=" ">
    <subfield code="0">0</subfield>
    <subfield code="1">0</subfield>
    <subfield code="4">0</subfield>
    <subfield code="7">0</subfield>
    <subfield code="a">BNUE</subfield>
    <subfield code="b">BNUE</subfield>
    <subfield code="c">P01</subfield>
    <subfield code="d">2025-12-22</subfield>
    <subfield code="l">0</subfield>
    <subfield code="o">352.23/G18/T.2</subfield>
    <subfield code="p">0018713</subfield>
    <subfield code="r">2025-12-22 15:36:06</subfield>
    <subfield code="w">2025-12-22</subfield>
    <subfield code="y">LIB</subfield>
  </datafield>
</record>
